Famous Paintings Painted Terribly - Statistics

General Stats
  • This quiz has been taken 75 times
  • The average score is 6 of 12
Answer Stats
Picture Answer % Correct
Mona Lisa
100%
The Scream
97%
Last Supper
91%
Starry Night
87%
American Gothic
61%
The Kiss
55%
The Creation of Adam
43%
Water Lilies
43%
Birth of Venus
30%
Girl With A Pearl
22%
Persistance of Memory
10%
Self Portrait with a Straw Hat
0%
No matching quizzes found
Score Distribution
Percent of People with Each Score
Percentile by Number Answered
Your Score History
You have not taken this quiz